00332nam a2200145Ia 4500008004100000020001500041050000900056050001600065100001500081245002900096260001200125260002300137260000900160300001700169170203s9999 xx 000 0 und d a1586680722 aFic  b.D261b 2001 aDavis, Guy aBarney's Easter Parade / aU.S.A : bLyrick Publishing, c2001 bcol. ill. ;